| 000 | 01659cam a2200265 4500500 | ||
|---|---|---|---|
| 005 | 20251228060116.0 | ||
| 041 | _afre | ||
| 042 | _adc | ||
| 100 | 1 | 0 |
_aSotty, Liliane _eauthor |
| 245 | 0 | 0 | _aLe cadre de la consultation psy pour l'éducateur pjj |
| 260 | _c2005. | ||
| 500 | _a66 | ||
| 520 | _aRésumé La question de savoir « dans quel cas il faut consulter », pour l’éducateur pjj, ne peut pas résulter uniquement du cadre judiciaire ou d’un type d’infraction. Aussi impérieuse que puisse être la décision d’un magistrat ou d’un tribunal, cette question reste posée au lieu de ce qui fait sens pour le sujet ; ce que l’éducateur ne peut pas examiner sans le psy. | ||
| 520 | _aFor a social worker in the Juvenile Justice System, the answer to the question “in what case a psychological consultation is necessary” cannot only be found within the judicial framework or the offence category. Even if a court has ordered a compulsory psychological treatment, what is meaningful for the young offender as a person, is an equally important question that cannot be examined by the social worker alone without the help of a professional psychologist. | ||
| 690 | _acadre judiciaire | ||
| 690 | _aconsultation psy | ||
| 690 | _aobligation de soins | ||
| 690 | _arôle de l'éducateur pjj | ||
| 690 | _acompulsory psychological treatment | ||
| 690 | _ajuvenile justice | ||
| 690 | _asocial worker | ||
| 690 | _ayoung offender | ||
| 786 | 0 | _nEnfances & Psy | 30 | 1 | 2005-12-01 | p. 144-149 | 1286-5559 | |
| 856 | 4 | 1 | _uhttps://shs.cairn.info/revue-enfances-et-psy-2006-1-page-144?lang=fr&redirect-ssocas=7080 |
| 999 |
_c1586996 _d1586996 |
||